000 nam a22 7a 4500
999 _c7288
_d7288
008 170804b xxu||||| |||| 00| 0 eng d
020 _a9780716767640
100 _93826
_aKindt.J.J.etal.
245 _aImmunology
260 _aNew Delhi